Home Print Resources E-Books E-Journals IIMT Lecture Series Library Membership Form Book Recommendation Form Campus Tour Take AdmissionAbout Us Contact Us

Teaching of botany (Record no. 46216)

000 -LEADER
fixed length control field nam a22 7a 4500
003 - CONTROL NUMBER IDENTIFIER
control field OSt
005 - DATE AND TIME OF LATEST TRANSACTION
control field 20190410164924.0
008 - FIXED-LENGTH DATA ELEMENTS--GENERAL INFORMATION
fixed length control field 190410b xxu||||| |||| 00| 0 eng d
040 ## - CATALOGING SOURCE
Transcribing agency sero soft
100 ## - MAIN ENTRY--PERSONAL NAME
Personal name singh,Y.K
245 ## - TITLE STATEMENT
Title Teaching of botany
260 ## - PUBLICATION, DISTRIBUTION, ETC.
Place of publication, distribution, etc. delhi
Name of publisher, distributor, etc. APH
300 ## - PHYSICAL DESCRIPTION
Extent 348
942 ## - ADDED ENTRY ELEMENTS (KOHA)
Source of classification or shelving scheme
Koha item type Book Bank
Holdings
Withdrawn status Lost status Source of classification or shelving scheme Damaged status Not for loan Home library Current library Date acquired Source of acquisition Cost, normal purchase price Inventory number Total Checkouts Barcode Date last seen Cost, replacement price Price effective from Koha item type
          IIMT University College of Education IIMT University College of Education 04/10/2019 loyal book depot meerut 175.00 8637/20/06/08   05-B-15857 04/10/2019 175.00 04/10/2019 Book Bank
          IIMT University College of Education IIMT University College of Education 04/10/2019 loyal book depot meerut 175.00 8637/20/06/08   05-B-15858 04/10/2019 175.00 04/10/2019 Book Bank
          IIMT University College of Education IIMT University College of Education 04/10/2019 loyal book depot meerut 175.00 8637/20/06/08   05-B-15859 04/10/2019 175.00 04/10/2019 Book Bank
          IIMT University College of Education IIMT University College of Education 04/10/2019 loyal book depot meerut 175.00 8637/20/06/08   05-B-15860 04/10/2019 175.00 04/10/2019 Book Bank
          IIMT University College of Education IIMT University College of Education 04/10/2019 loyal book depot meerut 175.00 8637/20/06/08   05-B-15861 04/10/2019 175.00 04/10/2019 Book Bank
          IIMT University College of Education IIMT University College of Education 04/10/2019 loyal book depot meerut 175.00 8637/20/06/08   05-B-15862 04/10/2019 175.00 04/10/2019 Book Bank
          IIMT University College of Education IIMT University College of Education 04/10/2019 loyal book depot meerut 175.00 8637/20/06/08   05-B-15863 04/10/2019 175.00 04/10/2019 Book Bank
IIMT, Central Library. All Rights Reserved IIMT,UNIVERSITY © 2023
Implemented and Customised by I CLOUDE EMS
You Are OPAC Visitor No
free web counter

Powered by Koha